| 000 | 00612nam a22001697a 4500 | ||
|---|---|---|---|
| 003 | OSt | ||
| 005 | 20171010095517.0 | ||
| 008 | 120815t xxu||||| |||| 00| 0 eng d | ||
| 040 |
_aMMSU _cULS |
||
| 100 |
_aWingco, Teresita A. _912172 |
||
| 245 |
_aJob stress and administrative behavior in the society of the Divine Word higher education institutions _cTeresita A. Wingco |
||
| 260 | _c2001 | ||
| 300 |
_axxii, 189 leaves _c28 cm. |
||
| 500 | _aThesis Ed.D. Educational Management) --Mariano Marcos State University-Graduate School, Laoag City | ||
| 504 | _aBibliography: leaves 137-142 | ||
| 942 |
_2ddc _cTHEDIS |
||
| 999 |
_c9741 _d9741 |
||